000 00400nam a2200145Ia 4500
008 231129s2000||||xx |||||||||||||| ||spa||
020 _a970-15-0290-6
040 _bspa
082 _a537 F363e
100 _aFernandez Mills Goncal
245 0 _aElectricidad teoria de circuitos y magnetismo
260 _c2000
264 _aEdiciones UPC
942 _2ddc
_cBKS
999 _c12725
_d12725